000 00786nam a2200265Ia 4500
003 OSt
005 20221007100025.0
006 a|||||r|||| 00| 0
007 ta
008 221006b |||||||| |||| 00| 0 eng d
020 _a9780195692334
024 _a3,575
037 _cTextual
040 _aLCO
_cLCO
_beng
041 _2eng
_aeng
082 _aX;9, P9
100 _aParr-Fukuda Sakiko
_9701194
245 0 _aHandbook of Human Development
_b Concepts, Measures, and Policies Foreword by Amartya Sen
260 _aNew
_bDelhi Oxford University Press India
_c2009
300 _a518
650 _aHUMAN DEVELOPMENT
700 _a A.K. Shiva Kumar
_9701195
942 _hX;9, P9
_cTEXL
999 _c1173138
_d1173138